000
00229nam a2200097Ia 4500
005
20251222175818.0
008
251222s9999||||xx |||||||||||||| ||spa||
082
_a
DVD0170/T27/1997
245
0
_a
El abogado del diablo:
942
_c
DVD
999
_c
40371
_d
40371